Rejected Daily Trivia #10 - Statistics

General Stats
  • This quiz has been taken 56 times
  • The average score is 6 of 10
Answer Stats
Question Answer % Correct
How many people have walked on the moon? 12
74%
Which Hollywood actress married the prince of Monaco in 1956? Grace Kelly
74%
The elements considered essential to all living organisms are carbon, hydrogen, oxygen and which fourth element? nitrogen
71%
What is pink in French? Rose
71%
A griffin is a mythical creature that's half eagle and half lion. But what is a hippogriff? Half eagle, half horse
65%
Which of these countries did Japan NOT invade in the Second World War? Thailand
52%
When did the latest nuclear weapons test occur? 2017
48%
Which of these cities does NOT lie on the Danube river? Bucharest
48%
Which Portuguese explorer is known for discovering a sea route from Europe to India? Vasco da Gama
45%
Who wrote the Witcher series of novels? Andrzej Sapkowski
42%
No matching quizzes found
Score Distribution
Percent of People with Each Score
Percentile by Number Answered
Your Score History
You have not taken this quiz